The Pursuit of literacy : early reading and writing /

Bibliographic Details
Other Authors: Sampson, Michael R.
Format: Book
Language:English
Published: Dubuque, Iowa : Kendall/Hunt Pub. Co., [1986]
Subjects:

MARC

Tag First Indicator Second Indicator Subfields
LEADER 00000cam a2200000 a 4500
001 in00000407321
005 20151012052556.0
008 850729s1986 iaua b 00000 eng
010 |a  85081207  
020 |a 0840337787 (pbk.) 
035 |a (OCoLC)13457299 
035 |9 ABU1039AM 
039 0 |a 2  |b 3  |c 3  |d 3  |e 3 
040 |a DLC  |c DLC  |d TXA  |d UtOrBLW 
049 |a TXAM  |c [A09404004] 
050 0 0 |a LB1140.5.R4  |b P87 1986 
082 0 |a 372/.216  |2 19 
245 0 4 |a The Pursuit of literacy :  |b early reading and writing /  |c edited by Michael R. Sampson. 
264 1 |a Dubuque, Iowa :  |b Kendall/Hunt Pub. Co.,  |c [1986] 
264 4 |c ©1986 
300 |a viii, 149 pages :  |b illustrations ;  |c 24 cm. 
336 |a text  |b txt  |2 rdacontent 
337 |a unmediated  |b n  |2 rdamedia 
338 |a volume  |b nc  |2 rdacarrier 
504 |a Includes bibliographies. 
650 0 |a Reading (Preschool) 
650 0 |a English language  |x Composition and exercises. 
700 1 |a Sampson, Michael R. 
999 |a MARS 
999 f f |s a97a52b7-723c-3b22-b282-98d8653e1320  |i 781c57ea-ac75-3200-a886-ed8e36248c7f  |t 0 
952 f f |p normal  |a Texas A&M University  |b College Station  |c Sterling C. Evans Library  |d Evans: Library Stacks  |t 0  |e LB1140.5.R4 P87 1986  |h Library of Congress classification  |i unmediated -- volume  |m A14809404004 
998 f f |a LB1140.5.R4 P87 1986  |t 0  |l Evans: Library Stacks